000 00674nam a2200265Ia 4500
003 OSt
005 20221007103947.0
006 a|||||r|||| 00| 0
007 ta
008 221006b |||||||| |||| 00| 0 eng d
020 _a818703100X
024 _a14,513
037 _cTextual
040 _aLCO
_cLCO
_beng
041 _2eng
_aeng
082 _aZ2,93, N7
100 _aBindra N.S.
245 0 _aInterpretation of Statutes
250 _a8th
260 _aAllahabad
_bLaw Book Company Private Limited India
_c1997
300 _a1080
650 _aINTERPETATION
_9705665
942 _hZ2,93, N7
_cTEXL
999 _c1184076
_d1184076